[Event "POL-chT 2nd League"]
[Site "Polanica Zdroj"]
[Date "2004.09.04"]
[Round "1"]
[White "Panceleusz, Bronislaw"]
[Black "Stachanczyk, Jacek"]
[Result "0-1"]
[WhiteElo "2003"]
[BlackElo "2157"]
[PlyCount "60"]
[EventDate "2004.09.04"]
[EventType "team-swiss"]
[EventRounds "11"]
[EventCountry "POL"]
[SourceTitle "CBM 102 Extra"]
[Source "ChessBase"]
[SourceDate "2004.11.03"]
[SourceVersion "1"]
[SourceVersionDate "2004.11.03"]
[SourceQuality "1"]
[WhiteTeam "Milanowek UKS Jedwabnik"]
[BlackTeam "Jaworzno JKSz MCKiS II"]
[WhiteTeamCountry "POL"]
[BlackTeamCountry "POL"]

1. Nf3 Nf6 2. c4 c6 3. g3 d5 4. b3 Bf5 5. Bg2 e6 6. 0-0 Be7 7. Bb2 0-0 8. d3 h6 9. Nbd2 a5 10. a3 Nbd7 11. Rc1 Bh7 12. Rc2 a4 13. b4 Bd6 14. Qa1 Qe7 15. Rfc1 e5 16. cxd5 cxd5 17. Ne1 Rfe8 18. e4 Nb6 19. f3 Nfd7 20. Bh3 f5 21. Qa2 Kh8 22. Ng2 fxe4 23. fxe4 Nf6 24. Re1 dxe4 25. Nxe4 Nxe4 26. dxe4 Bg8 27. Qb1 Nc4 28. Bc1 Bc7 29. Nh4 Bb6+ 30. Kh1 Qd6 0-1